书目信息 |
| 题名: |
中国科技之路
|
|
| 作者: | 杨元喜 卷主编 ;卢鋆 著 | |
| 分册: | 航天卷 | |
| 出版信息: | 北京 国防工业出版社 2022.04 |
|
| 页数: | 17, 226页 | |
| 开本: | 23cm | |
| 丛书名: | ||
| 单 册: | ||
| 中图分类: | N092 , P228.4-092 | |
| 科图分类: | ||
| 主题词: | 技术史--ji shu shi--中国--现代 , 全球定位系统--quan qiu ding wei xi tong--技术史--中国--现代 | |
| 电子资源: | ||
| ISBN: | 978-7-118-12505-4 | |
| 000 | 01210nam0 2200277 450 | |
| 001 | 011025153142 | |
| 005 | 20221025153142.0 | |
| 010 | @a978-7-118-12505-4@dCNY100.00 | |
| 100 | @a20201004d2022 em y0chiy0120 ea | |
| 101 | 0 | @achi |
| 102 | @aCN@b110000 | |
| 105 | @aa z 000yy | |
| 106 | @ar | |
| 200 | 1 | @a中国科技之路@Azhong guo ke ji zhi lu@e北斗导航@i航天卷@f杨元喜卷主编@g卢鋆等著 |
| 210 | @a北京@c国防工业出版社@d2022.04 | |
| 215 | @a17, 226页@c图, 照片@d23cm | |
| 300 | @a中宣部主题出版重点出版物 | |
| 304 | @a中国编辑学会组编 | |
| 330 | @a本书综述了中国自主北斗卫星导航系统的发展历程,并以亮点呈现的方式,展示了北斗关键技术体制、多样化服务集成、应用产业培育和国际化发展等重大科技和应用成果;中国的北斗、世界的北斗、一流的北斗,北斗圆梦全球之路,也展现了自主创新、开放融合、万众一心、追求卓越的新时代北斗精神;展望了未来以北斗系统为基石构建国家综合定位导航授时体系的宏伟发展蓝图。 | |
| 606 | 0 | @a技术史@Aji shu shi@y中国@z现代 |
| 606 | 0 | @a全球定位系统@Aquan qiu ding wei xi tong@x技术史@y中国@z现代 |
| 690 | @aN092@v5 | |
| 690 | @aP228.4-092@v5 | |
| 701 | 0 | @a杨元喜@Ayang yuan xi@4卷主编@f(1956~) |
| 702 | 0 | @a卢鋆@Alu jun@4著@c(航天工程) |
| 905 | @a河南城建学院图书馆@dN092@eY327 | |
| 中国科技之路:北斗导航.航天卷/杨元喜卷主编/卢鋆等著.-北京:国防工业出版社,2022.04 |
| 17, 226页:图, 照片;23cm |
| 中宣部主题出版重点出版物 |
| ISBN 978-7-118-12505-4:CNY100.00 |
| 本书综述了中国自主北斗卫星导航系统的发展历程,并以亮点呈现的方式,展示了北斗关键技术体制、多样化服务集成、应用产业培育和国际化发展等重大科技和应用成果;中国的北斗、世界的北斗、一流的北斗,北斗圆梦全球之路,也展现了自主创新、开放融合、万众一心、追求卓越的新时代北斗精神;展望了未来以北斗系统为基石构建国家综合定位导航授时体系的宏伟发展蓝图。 |
| ● |
| 相关链接 |
|
|
|
正题名:中国科技之路
索取号:N092/Y327
 
预约/预借
| 序号 | 登录号 | 条形码 | 馆藏地/架位号 | 状态 | 备注 |
| 1 | 1587035 | 215870350 | 自科库401/401自科库 138排1列3层/ [索取号:N092/Y327] | 在馆 | |
| 2 | 1587036 | 215870369 | 自科库401/401自科库 138排1列3层/ [索取号:N092/Y327] | 在馆 |